000 00662nam a2200265Ia 4500
005 20260121171252.0
008 008 260114s9999 xx 000 0 eng d
020 _a9783030233075
037 _aEBOOK
040 _aCRL
040 _beng
040 _cCRL
041 _2eng
041 _aeng
084 _qCRL
100 _aJiuwen Cao, Chi Man Vong, Yoan Miche, Amaury Lendasse
_91074132
245 0 _aProceedings of ELM 2018
260 _bSpringer
260 _bSpringer
260 _c2020
856 _uhttps://link.springer.com/openurl?genre=book&isbn=978-3-030-23307-5
942 _cEBOOK
999 _c1639862
_d1639862